000 00469nab a2200145Ia 4500
003 ES-SlBCS
005 20210601145305.0
008 140529s1963 xxu||||| |||| 00| 0 spa d
041 _aspa
100 1 _aLara Guitard, Alfredo
_972098
245 0 0 _aAutopsicoterapia del psicoterapeuta
_c Alfredo Lara Guitard
650 0 4 _aAutopsicoterapia
_9310242
773 0 _tRevista de Psicologia General y Aplicada
_gvol. 18, nº. 68-69, 1963, págs. 934-938
_wRev1347
942 _cAR
999 _c722376
_d722376